000 00509nam a2200181Ia 4500
005 20250508152442.0
008 008 250505s9999 xx 000 0 eng d
037 _aTextual
040 _aFEDL
_beng
_cFEDL
041 _aeng
_2eng
084 _a901.954, GOR
_qFEDL
100 _aGordon D H
245 0 _aPre-historic background of Indian culture
260 _aBombay, India
_bN.M. Tripathi Pvt. Ltd.
_c1958
300 _a199p
942 _cTEXL
_h901.954, GOR
999 _c1336513
_d1336513